Desarrollo psíquico del niño /

Salvato in:
Dettagli Bibliografici
Autore principale: Liublinskaia, A.A (autor)
Altri autori: Fierro Menú, Andrés (traducción) (traducción)
Natura: Libro
Lingua:spagnolo
Pubblicazione: México : Grijalbo, 1971, c1971
Serie:(Pedagógica Grijalbo)
Soggetti:
Tags: Aggiungi Tag
Nessun Tag, puoi essere il primo ad aggiungerne!!

MARC

LEADER 00000nam^a2200000^a^4500
001 000194788
005 20250521000000.0
009 20260310102729.001
025 |a Donación sin dato, 1 ejemplar 
037 |a Acervo ITESO - Biblioteca 
041 |a ESP 
082 |a 155. 4  |b LIU 
100 |a Liublinskaia, A.A.  |e (autor) 
245 1 0 |a Desarrollo psíquico del niño /  |c A.A. Liublinskaia ; tr. por A. Fierro Menú. 
264 4 |a México :  |b Grijalbo,  |c 1971, c1971 
300 |a 413 p. 
336 |a texto  |b txt  |2 rdacontenido 
337 |a sin mediación  |b n  |2 rdamedio 
338 |a volumen  |b nc  |2 rdasoporte 
440 1 |a (Pedagógica Grijalbo) 
649 |a XX 
650 |a Niños -  |x Condiciones Psicológicas -  |x Tema Principal 
650 |a Sentidos y Sensaciones 
650 |a Percepción 
650 |a Memoria 
650 |a Imaginación 
650 |a Sentimientos 
650 |a Lenguaje y Pensamiento 
650 |a Conocimiento 
650 |a Desarrollo Psicomotriz y Perceptual 
650 |a Desarrollo Cognoscitivo 
650 |a Desarrollo Emocional 
650 |a Desarrollo Moral 
650 |a Psicología Educativa 
650 |a Psicología Evolutiva 
700 |a Fierro Menú, Andrés  |e (traducción) 
910 |a Fondo General 
920 |a Impresos - Libros 
930 |a Colección General 
905 |a 101 
901 |a 0500139786  |b IT1  |c ACC  |i D  |u 20250521 
902 |a https://opac.biblio.iteso.mx/vufind/Record/000194788